| 000 | 00536nam a22001937a 4500 | ||
|---|---|---|---|
| 005 | 20260515114954.0 | ||
| 008 | 230914b ||||| |||| 00| 0 eng d | ||
| 020 | _a9789389491753 | ||
| 040 |
_aIN-DiNC _cIN-DiNC |
||
| 041 | _deng | ||
| 082 |
_a301 _bSEN |
||
| 100 |
_aSen, Arpita Dutta _eauthor |
||
| 245 |
_aIntroduction to sociology-I (Major)/ _cby Arpita Dutta Sen |
||
| 250 | _a1st ed. | ||
| 260 |
_aGuwahati: _bAshok publication, _c2023. |
||
| 300 | _a168p. | ||
| 650 | _aSociology and other social sciences | ||
| 942 |
_2ddc _cBK |
||
| 999 |
_c11618 _d11618 |
||